00662 a2200145 4500020001500000040001300015082001300028100002200041245004800063260003600111300002000147500005200167520025300219650004400472 a0007154828 aDLCbDLC00a823/.9121 aChristie, Agatha,10aParker Pyne investigates cAgatha Christie. aLondon:bHarper Collins,c1934. a268p. ;c18 cm. a"Also published as Mr. Parker Pyne, Detective." aWhen Mrs. Packington's husband begins to keep company with a young office girl, she turns to Parker Pyne, master of the human soul, for help, in the first of several cases that take him from the ancient city of Baghdad to the tombs of the Pharaohs. 0aDetective and mystery stories, English.